| 000 | 01081cam a22003373a 4500 | ||
|---|---|---|---|
| 001 | 16415012 | ||
| 003 | PILC | ||
| 005 | 20160114100303.0 | ||
| 008 | 971204s1997 nyua 000 1 eng d | ||
| 010 | _a 98813677 | ||
| 020 |
_a 1572973293 _c$6.50 |
||
| 035 | _a(OCoLC)ocm38037931 | ||
| 040 |
_aEOW _cEOW _dSLC _dDLC |
||
| 050 | 0 | 0 |
_aPZ 7 _b.Sm642 1997 |
| 082 |
_aFIC _bSm5x 1997 |
||
| 100 | 1 |
_aSmith, Dean Wesley. _917797 |
|
| 245 | 1 | 4 |
_aThe jewels of cyttorak _cDean Wesley Smith ; illustrations by Chuck Wojtkiewicz. |
| 260 |
_aNew York : _bBoulevard Books, _cc1997. |
||
| 300 |
_a296 p. : _bill. ; _c18 cm. |
||
| 440 | 0 |
_aMarvel comics _917798 |
|
| 440 | 0 |
_aX-Men _917799 |
|
| 650 |
_aFiction. _9746 |
||
| 655 | 7 |
_aSuspense fiction. _2gsafd _96032 |
|
| 655 | 7 |
_aComic books, strips, etc. _2lcsh _917800 |
|
| 655 | 7 |
_aAdventure fiction. _2gsafd _93061 |
|
| 700 | 1 |
_aWojtkiewicz, Chuck. _917801 |
|
| 710 | 2 |
_aCopyright Paperback Collection (Library of Congress) _5DLC _9705 |
|
| 906 |
_a7 _bcbc _ccopycat _d2 _encip _f19 _gy-genrareb |
||
| 942 |
_2lcc _cBK |
||
| 999 |
_c10812 _d10812 |
||